| 000 | 01052cam a22002174a 4500 | ||
|---|---|---|---|
| 005 | 20250605163942.0 | ||
| 008 | 250528s ||||||||||||||||||||||||d | ||
| 035 | _a15081 | ||
| 020 | _a27364632 | ||
| 040 |
_aGR-AtMCL _bgre _dGR-AtMCL _eAACR2 |
||
| 245 | 1 | _aAccounting and Finance for Non-Specialists / Third Edition | |
| 250 | _a3rd | ||
| 260 |
_bPrentice Hall, _c2001 |
||
| 300 | _a418 | ||
| 520 | _aThis text introduces the basic principles and underlying concepts of accounting and finance. Preface, Acknowledgements, Introduction to Accounting and Finance, Measuring and Reporting Financial Position, Measuring and Reporting Financial Performance, Accounting for Limited Companies, Measuring and Reporting Cash Flows, Analysis and Interpretation of Financial Statements, Cost-Volume-Profit Analysis, Full Costing, Budgeting, Capital Investment Decisions, The Management of Working Capital, Financing the Business, Index. | ||
| 700 | 1 |
_aAtrill Peter _9129 |
|
| 700 | 1 |
_aMclaney Eddie _9131 |
|
| 942 | _cBK | ||
| 999 |
_c680 _d680 |
||